Normal view
MARC view
- N F P A Battery march park
Entry Personal Name
001 - CONTROL NUMBER
- control field: 53448
003 - CONTROL NUMBER IDENTIFIER
- control field: NUST
005 - DATE AND TIME OF LATEST TRANSACTION
- control field: 20210421115721.0
008 - FIXED-LENGTH DATA ELEMENTS
- fixed length control field: 210421|| aca||aabn | a|a d
040 ## - CATALOGING SOURCE
- Original cataloging agency: NUST
- Transcribing agency: NUST
100 ## - HEADING--PERSONAL NAME
- Personal name: N F P A Battery march park
670 ## - SOURCE DATA FOUND
- Source citation: Work cat.: (NUST): N F P A Battery march park, NFPA 101B Code for Means of Egress for Buildings and Structures, 2002
